00700nam a2200181 a 450000100100000000500170001000800410002704000250006808200090009310000380010224000290014024501510016926000540032030000200037450000600039470000280045471000360048200003513520200930074128.0111025s1909 sp 000 0 spa d aDO-SdBNPbspacBNPHU axxxx1 aVega, Ventura de la,d(1807-1865)10a¡Juan Miguel!.kLibreto10a¡Juan Miguel! :bzarzuela dramática en un acto y tres cuadros, en prosa y verso /coriginal de Ventura de la Vega ; música de José Padilla. aMadrid :bSociedad de Autores Españoles,c1909. a42 p. ;c21 cm. aEstrenada en el Teatro Barbieri el 1 de octubre de 19091 aPadilla, Joséemús.2 aSociedad de Autores Españoles